000 00880cam a22002411 4500
001 000019133
005 20200929165930.0
008 741015s1948 xx 000 0 eng
010 _a48010657
035 _a(OCoLC)1040990
040 _aDO-SdBNP
_cOClW
_dOCoLC
_dDLC
042 _apremarc
050 0 0 _aPN6081
_b.B27 1948
100 1 _aBartlett, John,
_d1820-1905,
_ecomp.
_941163
245 1 0 _aFamiliar quotations; :
_ba collection of passages, phrases, and proverbs, traced to their sources in ancient and modern literature. /
_cChristopher Morley, editor, Louella D. Everett, associate editor.
250 _a12th ed., rev. and enl.
260 _aBoston, :
_bLittle, Brown,
_c1948.
300 _axlii, 1831 p. ;
_c25 cm.
650 0 _aQuotations.
_941164
700 1 _aMorley, Christopher,
_d1890-1957,
_eed.
_94277
910 _aCatalogación derivada / LC
082 _a808.8
999 _c18651
_d18651